000 00278nam a22001337a 4500
008 170728b xxu||||| |||| 00| 0 eng d
020 _a3800941147
041 _aeng
080 _a004
100 _a32
101 _aSHKI
245 _aSIEMENS
_cWINKELMANN, K
942 _2udc
_cBK
999 _c22157
_d22157